000
00274nam a2200109 4500
999
_c
197164
_d
197164
008
230817b ||||| |||| 00| 0 eng d
022
_a
0976-0911
245
_a
Media Watch
260
_a
New Delhi
_b
Sage
_c
2023
300
_a
vol.14 issue no.1
_c
22cm
942
_2
ddc
_c
SR
_m
MED
_s
1